02396nam a2200277 4500003000400000005001700004008004100021020001800062040001400080082002400094100003600118245013300154250002200287264004800309300004300357336002700400337002700427338002800454490003900482504002100521520140000542650004101942650003501983700003402018830006602052OSt20240405101523.0240403s2014 mx a|||f |||| 001 0 spa d a9786077152354 erdacCHAP00222a630.720972bV691 aÁvila Espinosa, Felipe Arturo10aBreve historia de la investigación agrícola en México /cpor Felipe Arturo Ávila Espinosa y Jesús Moncada de la Fuente aPrimera edición 1aMéxico:bColegio de Postgraduados,c2014. a240 páginas:bIlustraciones, cuadros 2rdacontentatextobtxt 2rdamediaasin mediobn 2rdacarrieravolumenbnc1 aBiblioteca básica de agricultura aIncluye índice aHace más de treinta años el Dr. Leobardo Jiménez inicio un esfuerzo para documentar la historia de la investigación en ciencias agrícolas en México. Diversas responsabilidades le impidieron avanzar más allá de la publicación de un primer volumen de entrevistas a los protagonistas de esa historia en ese entonces todos vivos. En la primera década de esta siglo, el Colegio de Posgraduados retomó la iniciativa del Dr. Jiménez, y a la feche ha publicado cinco volúmenes bajo el titulo genérico Las Ciencias Agrícolas Mexicanas y sus Protagonistas. Por su naturaleza, las semblanzas de gente tan notable tienden a la dispersión, ya que individuos con esas singularidades son propensas a ser más o menos idiosincráticos. Poe esas razones, en la Editorial del Colegio de postgraduados tomamos la decisión de elaborar esta Historia de la Investigación en Ciencias Agrícolas en México, que abreva en los volúmenes de la serie protagonistas. pero ocurre también a investigación de primera mano, realizada por el Dr. Felipe Ávila en diversos archivos de instituciones de investigación agrícola. Completada su investigación, el Dr. Ávila sugirió que la obra podría beneficiarse con una serie de entrevistas al Dr. Jesús Moncada de la Fuente actualmente Director General del Colegio de Postgraduados y actor privilegiado de esta historia. 0aAgricultura x Historia x México  4aAgriculturaxInvestigaciones 1 aMoncada de la Fuente, Jesús 0aBiblioteca Básica de Agricultura (Colegio de Postgraduados)